[Event "FRA-chT2 0910"]
[Site "France"]
[Date "2009.12.13"]
[Round "6.4"]
[White "Le Borgne, Pierre"]
[Black "Guichard, Hugo"]
[Result "1-0"]
[WhiteElo "2212"]
[BlackElo "1895"]
[PlyCount "90"]
[EventDate "2009.09.27"]
[EventType "team-tourn"]
[EventRounds "11"]
[EventCountry "FRA"]
[SourceTitle "EXT 2011"]
[Source "ChessBase"]
[SourceDate "2010.11.26"]
[SourceVersion "1"]
[SourceVersionDate "2010.11.26"]
[SourceQuality "1"]

1. e4 c5 2. Nf3 d6 3. d4 cxd4 4. Qxd4 Bd7 5. Bg5 Nc6 6. Qd2 Nf6 7. Nc3 a6 8. Bd3 e6 9. 0-0 Be7 10. Rad1 Qc7 11. Rfe1 Rd8 12. Bf1 Bc8 13. h3 0-0 14. Qe3 b5 15. a4 bxa4 16. Nxa4 Nb4 17. Qb3 a5 18. c3 Na6 19. Qb5 Nc5 20. Nxc5 Qxc5 21. Qxc5 dxc5 22. e5 Nd5 23. Rxd5 Bxg5 24. Rxc5 Be7 25. Rxa5 Bb7 26. Nd4 Bd5 27. g3 Rb8 28. b4 Rfc8 29. Ra3 h6 30. Bg2 Bxg2 31. Kxg2 Rc4 32. Nc2 Rb7 33. Ne3 Rc8 34. Rb3 Rcb8 35. Rd1 Rc8 36. f4 Kf8 37. Kf3 Rbb8 38. Ra3 Rc7 39. Rd3 g6 40. Ke2 Rb6 41. Rd4 Kg7 42. Kd3 Rb5 43. Nc4 f6 44. Ra6 fxe5 45. fxe5 Rxc4 1-0

[Event "Chamalieres op"]
[Site "Chamalieres"]
[Date "2009.10.27"]
[Round "5"]
[White "Guichard, Hugo"]
[Black "Blanc, Sebastien"]
[Result "0-1"]
[WhiteElo "1898"]
[BlackElo "2131"]
[PlyCount "72"]
[EventDate "2009.10.24"]
[EventType "swiss"]
[EventRounds "9"]
[EventCountry "FRA"]
[SourceTitle "EXT 2010"]
[Source "ChessBase"]
[SourceDate "2010.11.25"]
[SourceVersion "1"]
[SourceVersionDate "2010.11.25"]
[SourceQuality "1"]

1. d4 e6 2. c4 c5 3. Nf3 cxd4 4. Nxd4 Nf6 5. Nc3 Bc5 6. Nb3 Be7 7. e4 d6 8. Be3 0-0 9. Be2 a6 10. 0-0 Nbd7 11. f3 Qc7 12. Rc1 b6 13. Nd4 Bb7 14. Qd2 Rac8 15. Rfd1 Rfe8 16. Kh1 Qb8 17. Nc2 Red8 18. b3 Nc5 19. Qe1 Qa8 20. Qf2 a5 21. Bxc5 bxc5 22. Ne3 Ne8 23. Rd2 Bc6 24. Rcd1 a4 25. Rb1 Rb8 26. Nb5 Qa5 27. Rdb2 Bf6 28. b4 Qb6 29. Rc2 cxb4 30. Rxb4 Qc5 31. Rxa4 Bd4 32. Nxd4 Rb1+ 33. Bd1 Bxa4 34. Rd2 Bxd1 35. Nxd1 e5 36. Qh4 Qa5 0-1

[Event "FRA-chT2 0910"]
[Site "France"]
[Date "2009.10.04"]
[Round "1.5"]
[White "Briquet, Jean Pierre"]
[Black "Guichard, Hugo"]
[Result "1/2-1/2"]
[WhiteElo "2063"]
[BlackElo "1898"]
[PlyCount "75"]
[EventDate "2009.09.27"]
[EventType "team-tourn"]
[EventRounds "11"]
[EventCountry "FRA"]
[SourceTitle "EXT 2011"]
[Source "ChessBase"]
[SourceDate "2010.11.26"]
[SourceVersion "1"]
[SourceVersionDate "2010.11.26"]
[SourceQuality "1"]

1. d4 e6 2. c4 f5 3. g3 Nf6 4. Bg2 d6 5. Nf3 Be7 6. 0-0 0-0 7. Nc3 Qe8 8. Re1 Ne4 9. Qc2 Nxc3 10. bxc3 Nd7 11. e4 Qg6 12. exf5 Rxf5 13. Nd2 Qf7 14. Bh3 Rf6 15. Ne4 Rg6 16. Qe2 e5 17. d5 Nf8 18. Bxc8 Rxc8 19. Rf1 Re8 20. Bd2 Qf5 21. Rae1 Nd7 22. f4 Bd8 23. Qg2 Qh5 24. f5 Rg4 25. h3 Rxe4 26. Rxe4 Nc5 27. Re2 Rf8 28. g4 Qh4 29. Be3 Nd3 30. Bd2 Nf4 31. Bxf4 exf4 32. Rd2 Bf6 33. Qf3 Be5 34. Re1 Qf6 35. Red1 Qg5 36. Re1 Rxf5 37. Kh2 Bf6 38. Re4 1/2-1/2

[Event "Avoine op 20th"]
[Site "Avoine"]
[Date "2005.07.30"]
[Round "8"]
[White "Guichard, Hugo"]
[Black "Baillargeant, Tony"]
[Result "0-1"]
[WhiteElo "1580"]
[BlackElo "2000"]
[PlyCount "104"]
[EventDate "2005.07.23"]
[EventType "swiss"]
[EventRounds "9"]
[EventCountry "FRA"]
[SourceTitle "EXT 2007"]
[Source "ChessBase"]
[SourceDate "2006.11.23"]
[SourceVersion "1"]
[SourceVersionDate "2006.11.23"]
[SourceQuality "1"]

1. d4 e6 2. c4 b6 3. a3 Bb7 4. Nc3 f5 5. f3 Nf6 6. Bg5 Be7 7. e3 0-0 8. Bd3 Nh5 9. Bxe7 Qxe7 10. Nh3 Qh4+ 11. Nf2 Qg5 12. f4 Qxg2 13. Qxh5 Bf3 14. Qh4 Nc6 15. Be2 Bxe2 16. Nxe2 Qg6 17. Rg1 Qf7 18. 0-0-0 Na5 19. Rg3 Nxc4 20. Rdg1 g6 21. Qh5 Kg7 22. Rh3 Kf6 23. Qg5+ Kg7 24. Nd1 Nd6 25. Nec3 Rh8 26. Rhg3 Rag8 27. h4 Kf8 28. Qh6+ Ke8 29. h5 gxh5 30. Rxg8+ Rxg8 31. Rxg8+ Qxg8 32. Qxh5+ Kd8 33. Qg5+ Qxg5 34. fxg5 Nf7 35. Ne2 Nxg5 36. Nf4 Ke7 37. Nc3 c6 38. Nce2 d6 39. Ng3 Kf7 40. Nfh5 a5 41. Kc2 Ne4 42. Nxe4 fxe4 43. Ng3 d5 44. b4 a4 45. Ne2 Kf6 46. Nf4 e5 47. dxe5+ Kxe5 48. Ne2 h6 49. Nc3 d4 50. Nxa4 b5 51. exd4+ Kxd4 52. Kd2 bxa4 0-1